平成に消滅・改称した鹿児島県の市町村 - Statistics

General Stats
  • This quiz has been taken 18 times
  • The average score is 57 of 74
Answer Stats
変更年月日 変更内容 回答 変更後の市町村 % Correct
2004.10/12 新設合併 川内市 薩摩川内市
100%
2005.05/01 新設合併 伊集院町 日置市
100%
2005.10/11 新設合併 串木野市 いちき串木野市
100%
2005.10/11 新設合併 市来町 いちき串木野市
100%
2005.11/07 新設合併 国分市 霧島市
100%
2005.11/07 新設合併 加世田市 南さつま市
100%
2006.01/01 新設合併 志布志町 志布志市
100%
2006.03/20 新設合併 名瀬市 奄美市
100%
2007.12/01 新設合併 頴娃町 南九州市
100%
2008.11/01 新設合併 大口市 伊佐市
100%
2010.03/23 新設合併 姶良町 姶良市
100%
2004.10/12 新設合併 祁答院町 薩摩川内市
89%
2005.03/22 新設合併 薩摩町 さつま町
89%
2005.03/22 新設合併 大根占町 錦江町
89%
2005.03/31 新設合併 根占町 南大隅町
89%
2005.03/31 新設合併 佐多町 南大隅町
89%
2005.05/01 新設合併 東市来町 日置市
89%
2005.07/01 新設合併 財部町 曽於市
89%
2005.07/01 新設合併 高山町 肝付町
89%
2005.11/07 新設合併 霧島町 霧島市
89%
2005.11/07 新設合併 隼人町 霧島市
89%
2006.01/01 新設合併 鹿屋市 鹿屋市
89%
2006.01/01 新設合併 串良町 鹿屋市
89%
2006.01/01 新設合併 指宿市 指宿市
89%
2006.01/01 新設合併 開聞町 指宿市
89%
2006.03/13 新設合併 出水市 出水市
89%
2007.10/01 新設合併 屋久町 屋久島町
89%
2007.12/01 新設合併 知覧町 南九州市
89%
2007.12/01 新設合併 川辺町 南九州市
89%
2008.11/01 新設合併 菱刈町 伊佐市
89%
2004.10/12 新設合併 里村 薩摩川内市
78%
2004.10/12 新設合併 上甑村 薩摩川内市
78%
2004.10/12 新設合併 下甑村 薩摩川内市
78%
2004.11/01 編入合併 吉田町 鹿児島市
78%
2004.11/01 編入合併 桜島町 鹿児島市
78%
2004.11/01 編入合併 喜入町 鹿児島市
78%
2005.03/22 新設合併 栗野町 湧水町
78%
2005.05/01 新設合併 日吉町 日置市
78%
2005.05/01 新設合併 吹上町 日置市
78%
2005.07/01 新設合併 末吉町 曽於市
78%
2005.07/01 新設合併 内之浦町 肝付町
78%
2005.11/07 新設合併 福山町 霧島市
78%
2005.11/07 新設合併 笠沙町 南さつま市
78%
2006.01/01 新設合併 山川町 指宿市
78%
2006.03/20 新設合併 笠利町 奄美市
78%
2006.03/20 新設合併 東町 長島町
78%
2006.03/20 新設合併 長島町 長島町
78%
2007.10/01 新設合併 上屋久町 屋久島町
78%
2010.03/23 新設合併 加治木町 姶良市
78%
2004.11/01 編入合併 松元町 鹿児島市
67%
2005.03/22 新設合併 宮之城町 さつま町
67%
2005.03/22 新設合併 田代町 錦江町
67%
2005.07/01 新設合併 大隅町 曽於市
67%
2005.11/07 新設合併 坊津町 南さつま市
67%
2006.01/01 新設合併 吾平町 鹿屋市
67%
2006.01/01 新設合併 有明町 志布志市
67%
2006.03/13 新設合併 野田町 出水市
67%
2006.03/13 新設合併 高尾野町 出水市
67%
2006.03/20 新設合併 住用町 奄美市
67%
2010.03/23 新設合併 蒲生町 姶良市
67%
2004.10/12 新設合併 樋脇町 薩摩川内市
56%
2004.10/12 新設合併 入来町 薩摩川内市
56%
2004.10/12 新設合併 鹿島村 薩摩川内市
56%
2005.03/22 新設合併 鶴田町 さつま町
56%
2005.03/22 新設合併 吉松町 湧水町
56%
2005.11/07 新設合併 溝辺町 霧島市
56%
2005.11/07 新設合併 横川町 霧島市
56%
2005.11/07 新設合併 大浦町 南さつま市
56%
2005.11/07 新設合併 金峰町 南さつま市
56%
2006.01/01 新設合併 松山町 志布志市
56%
2004.10/12 新設合併 東郷町 薩摩川内市
44%
2004.11/01 編入合併 郡山町 鹿児島市
44%
2005.11/07 新設合併 牧園町 霧島市
44%
2006.01/01 新設合併 輝北町 鹿屋市
44%
No matching quizzes found
Score Distribution
Percent of People with Each Score
Percentile by Number Answered
Your Score History
You have not taken this quiz